Statistics for DC comics characters quiz - easy

Click here to take the quiz!

General Stats

  • This quiz has been taken 52 times
  • The average score is 11 of 12

Answer Stats

Answer% Correct
Batman
100%
Flash
100%
Riddler
100%
Superman
100%
Green Arrow
98%
Harley Quinn
96%
Two Face
96%
Shazam
93%
Martian Manhunter
78%
Captain Cold
74%
Darkseid
74%
Doomsday
63%

Score Distribution

Percentile by Number Answered

Percent of People with Each Score

Your Score History

You have not taken this quiz